000
002900000a22000970004500
100
1
_a
Arichea, Daniel C.
245
1
0
_a
El Antiguo Testamento : Algunas cuestiones de traducción
300
_a
Vol. 6, Num 2 (II Semestre, 1996), Páginas 3-10
773
0
_t
Traducción de la Biblia
942
_c
ANA
999
_c
52690
_d
52690